000 00507nam a2200205Ia 4500
005 20240823045828.0
008 240823s9999||||xx |||||||||||||| ||und||
020 _a978-81-7473-069-9
041 _aENGLISH
082 _A341.12 Q0
100 _aNorman D Palmer
245 0 _aInternational Relations
250 _a3rd
260 _c2010
_bAITBS Publishers
500 _aYES
650 _aInternational Business
_bManagement Studies
700 _a Howard C Perkins
942 _cBK
999 _c215859
_d215859